[Event "Challenge"]
[Site "http://www.queenalice.com/game.php?id=1080767"]
[Date "2012.7.9"]
[Round "-"]
[White "iowahawk"]
[Black "OiregorChessMaster"]
[Result "1-0"]
[WhiteElo "1347"]
[BlackElo "1360"]

1. e4 c5 2. Nf3 d6 3. Bc4 Nf6 4. Nc3 g6 5. d3 Bg7 6. O-O O-O 7. Bg5 Bg4 8. Bxf6
Bxf6 9. h3 Bd7 10. Rb1 a6 11. Nd5 Bg7 12. b4 b5 13. Bb3 e6 14. Ne3 cxb4 15. d4
a5 16. e5 a4 17. c4 axb3 18. axb3 Qc7 19. exd6 Qxd6 20. d5 Bh6 21. cxb5 Bxb5 22.
Re1 Nd7 23. Nc4 exd5 24. Nxd6 Bc6 25. Nd4 Bf4 26. Nxc6 Bxd6 27. Qxd5 1-0

[Event "Challenge"]
[Site "http://www.queenalice.com/game.php?id=1081685"]
[Date "2012.7.11"]
[Round "-"]
[White "Racey"]
[Black "OiregorChessMaster"]
[Result "1-0"]
[WhiteElo "1495"]
[BlackElo "1694"]

1. g4 d5 2. g5 Bf5 3. h4 e5 4. Nf3 Nc6 5. a4 Bc5 6. Bh3 Be4 7. a5 Bxf3 8. exf3
f6 9. gxf6 Nxf6 10. a6 b6 11. Rg1 O-O 12. Be6+ Kh8 13. Rg5 e4 14. f4 Nd4 15. f5
Nf3+ 16. Ke2 Nxg5 17. hxg5 Ng4 18. f4 exf3+ 19. Kxf3 Qxg5 20. d4 Nh2+ 21. Kf2
Qh4+ 22. Kg2 Bd6 23. Bxd5 Qg3+ 24. Kh1 Rxf5 25. Bg2 Raf8 26. Nd2 Rf2 27. Bd5 Ng4
28. Nf3 1-0

[Event "Challenge"]
[Site "http://www.queenalice.com/game.php?id=1082052"]
[Date "2012.7.12"]
[Round "-"]
[White "acm_chessmaster"]
[Black "OiregorChessMaster"]
[Result "1-0"]
[WhiteElo "1595"]
[BlackElo "1537"]

1. e4 c5 2. d4 cxd4 3. Qxd4 Nc6 4. Qd1 Nf6 5. Nc3 b6 6. Nf3 Bb7 7. g3 Na5 8. Bg2
Nxe4 9. Nxe4 Bxe4 10. O-O e6 11. Bd2 Rc8 12. Bxa5 Bxc2 13. Qd4 Bc5 14. Qxg7 Rf8
15. Bc3 Bg6 16. Qf6 Be7 17. Qf4 d5 18. Ne5 Bd6 19. Qh6 Rxc3 20. Nxg6 Rxg3 21.
hxg3 hxg6 22. a3 Be5 23. Qd2 Qf6 24. Rac1 Ke7 25. Qb4+ Bd6 26. Rc7+ 1-0

[Event "Challenge"]
[Site "http://www.queenalice.com/game.php?id=1083525"]
[Date "2012.7.17"]
[Round "-"]
[White "OiregorChessMaster"]
[Black "acm_chessmaster"]
[Result "1-0"]
[WhiteElo "1412"]
[BlackElo "1654"]

1. e4 e5 2. Nf3 Nc6 3. d4 exd4 4. Nxd4 Nxd4 5. Qxd4 Qf6 6. Qc4 Qc6 7. Qd3 Bc5 8.
Nc3 Qf6 9. Qg3 Ne7 10. Nd5 Nxd5 11. exd5 O-O 12. Bd3 Re8+ 13. Be3 Bxe3 14. fxe3
Qxb2 15. O-O d6 16. Qh4 g6 17. Qf4 f5 18. g3 Qb6 19. Rae1 Bd7 20. Kh1 Bb5 21. c4
Bd7 22. e4 Rf8 23. Qh6 Qd4 24. Rf3 Qb2 25. exf5 Qxa2 26. Re7 Rf7 27. Rxf7 Kxf7
28. fxg6+ Ke7 29. Rf7+ Kd8 30. Qf8+ Be8 31. Qe7+ Kc8 32. Qxc7# 1-0

[Event "Challenge"]
[Site "http://www.queenalice.com/game.php?id=1083777"]
[Date "2012.7.18"]
[Round "-"]
[White "iowahawk"]
[Black "OiregorChessMaster"]
[Result "0-1"]
[WhiteElo "1412"]
[BlackElo "1506"]

1. e4 c5 2. Nf3 d6 3. d4 cxd4 4. Bc4 Bg4 5. h3 Bh5 6. Qd3 e5 7. Ng5 h6 8. Bb5+
Nc6 9. Nf3 Nf6 10. Na3 a6 11. Bxc6+ bxc6 12. Nc4 Be7 13. O-O O-O 14. b4 Qc7 15.
Bd2 c5 16. c3 Rfc8 17. a3 Bg6 18. Rfe1 cxb4 19. cxb4 Qxc4 20. Qxc4 Rxc4 21. Rac1
Rac8 22. Rb1 Nxe4 23. g3 Rc2 24. Red1 Nxd2 25. Nxd2 Rxd2 26. Rxd2 Bxb1 27. f4
Rc3 28. Kg2 Be4+ 29. Kf2 Rf3+ 30. Ke1 Rxg3 31. a4 Rg1+ 32. Ke2 Rg2+ 33. Kd1
Rxd2+ 34. Kxd2 Bc6 35. fxe5 dxe5 36. Kd3 Bxa4 37. Ke4 f6 38. h4 g5 39. hxg5 hxg5
40. Kf3 f5 41. Kg3 e4 42. Kf2 f4 43. Ke2 d3+ 44. Kd2 Bxb4+ 45. Kc1 d2+ 46. Kb2
d1=Q 47. Ka2 Qc2+ 48. Ka1 Bc3# 0-1

[Event "Challenge"]
[Site "http://www.queenalice.com/game.php?id=1086984"]
[Date "2012.7.26"]
[Round "-"]
[White "acm_chessmaster"]
[Black "OiregorChessMaster"]
[Result "1/2-1/2"]
[WhiteElo "1713"]
[BlackElo "1483"]

1. e4 c6 2. d4 d5 3. e5 c5 4. dxc5 Qa5+ 5. Bd2 Qxc5 6. Nf3 Bg4 7. b4 Qc7 8. Bb5+
Nd7 9. Bxd7+ Qxd7 10. h3 Bh5 11. O-O Rc8 12. c3 e6 13. Bf4 f6 14. exf6 Nxf6 15.
Nbd2 Rxc3 16. Rc1 Bxb4 17. Rxc3 Bxc3 18. Qc2 Ba5 19. Rc1 O-O 20. Ng5 h6 21. Ngf3
Bb6 22. Ne5 Qe8 23. g4 Nxg4 24. hxg4 Rxf4 25. gxh5 Bxf2+ 26. Kg2 Qxh5 27. Ndf3
Bb6 28. Qd3 Rf5 29. a4 g6 30. Qa3 g5 31. Rc8+ Kg7 32. Qe7+ Rf7 33. Qxf7+ Qxf7
34. Nxf7 Kxf7 35. Ne5+ Kg7 36. Rb8 Bd4 37. Rxb7+ Kf6 38. Nc6 Be3 39. Nxa7 d4 40.
Nb5 Kf5 41. Kf3 g4+ 42. Ke2 g3 43. Kf3 Bf2 44. Kg2 e5 45. a5 e4 46. a6 d3 47.
Nc3 Kf4 48. a7 Bxa7 49. Rxa7 d2 50. Rh7 e3 51. Rxh6 Ke5 52. Rh1 Kd4 53. Ne2+ Kd3
54. Kf3 g2 55. Rg1 Kc2 56. Nd4+ Kd3 57. Ne2 Kc2 58. Kxe3 d1=Q 59. Nd4+ Kc1 60.
Nb3+ Kc2 61. Na1+ Kc1 62. Nb3+ Kc2 63. Nd4+ Kc1 64. Rxd1+ Kxd1 65. Kf2 Kd2
1/2-1/2

[Event "Challenge"]
[Site "http://www.queenalice.com/game.php?id=1091302"]
[Date "2012.8.8"]
[Round "-"]
[White "OiregorChessMaster"]
[Black "acm_chessmaster"]
[Result "1-0"]
[WhiteElo "1534"]
[BlackElo "1739"]

1. e4 e5 2. Nf3 Nc6 3. d4 exd4 4. Nxd4 Nxd4 5. Qxd4 Qf6 6. e5 Qb6 7. Qf4 d6 8.
Nc3 dxe5 9. Bb5+ Bd7 10. Qxe5+ Qe6 11. Qxe6+ fxe6 12. Bxd7+ Kxd7 13. Be3 b6 14.
O-O-O+ Kc6 15. Bf4 Bd6 16. Be3 Nf6 17. g3 Ng4 18. Rd3 Bc5 19. Bxc5 Kxc5 20. Rd7
Kc6 21. Rxg7 Nxf2 22. Rf1 Raf8 23. Re1 Rf6 24. Re2 h6 25. Re7 Kd6 26. Rg7 a6 27.
Rd2+ Ke5 28. Rxc7 Ng4 29. h3 Rf1+ 30. Rd1 Ne3 31. Rxf1 Nxf1 32. Rc6 Rb8 33. g4
Kf4 34. Rxe6 Kg3 35. Rxh6 Re8 36. b3 Re3 37. Kb2 b5 38. g5 b4 39. Nd5 Re4 40. h4
a5 41. h5 Re5 42. Nb6 Ne3 43. Nc4 Nxc4+ 44. bxc4 Kh4 45. g6 Re8 46. g7 Rg8 47.
Rh7 Kg5 48. h6 Kg6 49. Rh8 Rxg7 50. hxg7 Kxg7 51. Ra8 Kf7 52. c5 Ke7 53. Ra6 Kd7
54. Kb3 Kc7 55. Kc4 Kb7 56. Kb5 Kb8 57. Kc6 b3 58. cxb3 a4 59. Rxa4 Kc8 60. Ra8#
1-0

[Event "Challenge"]
[Site "http://www.queenalice.com/game.php?id=1093840"]
[Date "2012.8.17"]
[Round "-"]
[White "scaccomatto"]
[Black "OiregorChessMaster"]
[Result "1-0"]
[WhiteElo "1851"]
[BlackElo "1584"]

1. g3 d5 2. Nf3 Nc6 3. Bg2 e5 4. d3 h6 5. Nbd2 Nf6 6. c4 Be6 7. O-O Qd7 8. b3
Bc5 9. cxd5 Nxd5 10. Nc4 f6 11. e3 O-O 12. Bb2 Rad8 13. Qe2 b5 14. Ncd2 Ndb4 15.
Ne1 Ne7 16. Ne4 Bb6 17. d4 exd4 18. exd4 Bxd4 19. Rd1 Nbc6 20. Nc2 Bg4 21. Bf3
Bh3 22. Rfe1 Nf5 23. g4 Nh4 24. Nxd4 Nxf3+ 25. Qxf3 Bxg4 26. Qg3 Bxd1 27. Rxd1
1-0

[Event "Challenge"]
[Site "http://www.queenalice.com/game.php?id=1095924"]
[Date "2012.8.24"]
[Round "-"]
[White "OiregorChessMaster"]
[Black "acm_chessmaster"]
[Result "1-0"]
[WhiteElo "1574"]
[BlackElo "1729"]

1. d4 d5 2. c4 Be6 3. cxd5 Bxd5 4. Nc3 Be6 5. e4 c6 6. Nf3 f6 7. Bd3 a6 8. O-O
g5 9. Re1 b5 10. d5 cxd5 11. exd5 Bxd5 12. Nxd5 Nc6 13. Be3 h5 14. Nxf6+ exf6
15. Bb6+ Qe7 16. Rxe7+ Bxe7 17. Bg6+ Kf8 18. Qd5 Nh6 19. Qxc6 Kg7 20. Bxh5 Nf5
21. g4 Nh6 22. Bd4 Rac8 23. Qd5 Rhd8 24. Qxg5+ Kh7 25. Qg6+ Kh8 26. Qxh6+ Kg8
27. Qg6+ Kh8 28. Ng5 Rxd4 29. Qh7# 1-0

[Event "1 partida"]
[Site "http://www.queenalice.com/game.php?id=1097134"]
[Date "2012.8.27"]
[Round "-"]
[White "OiregorChessMaster"]
[Black "kavalheiro"]
[Result "1-0"]
[WhiteElo "1611"]
[BlackElo "1634"]

1. e4 e6 2. d4 Nc6 3. Nf3 Bb4+ 4. c3 Ba5 5. b4 Bb6 6. a4 a5 7. b5 Nce7 8. Bd3
Nf6 9. O-O Ng4 10. h3 Nf6 11. Bg5 Ng6 12. e5 Ne7 13. exf6 gxf6 14. Bxf6 Rg8 15.
Bxh7 Rf8 16. Bg7 Nd5 17. Bxf8 Kxf8 18. Ne5 Qh4 19. Bg6 Nf4 20. Bxf7 Qg5 21. Qg4
Qf6 22. Qg8+ Ke7 23. Qe8+ Kd6 24. c4 Bxd4 25. Qf8+ Kxe5 26. Re1+ Ne2+ 27. Rxe2+
Kf5 28. Ra3 Be5 29. Rf3+ Bf4 30. g4+ Kg5 31. Qg8+ Kh4 32. Rxf4 Qxf4 33. Qh7+ Kg5
34. Qg6+ Kh4 35. Qh5# 1-0

[Event "Challenge"]
[Site "http://www.queenalice.com/game.php?id=1100910"]
[Date "2012.9.8"]
[Round "-"]
[White "acm_chessmaster"]
[Black "OiregorChessMaster"]
[Result "1-0"]
[WhiteElo "1714"]
[BlackElo "1638"]

1. e4 c5 2. Nf3 d6 3. Bb5+ Nc6 4. Bxc6+ bxc6 5. e5 d5 6. O-O Bg4 7. d3 Qc7 8.
Nbd2 Nh6 9. Nb3 e6 10. Bxh6 gxh6 11. Nbd2 Bg7 12. h3 Bh5 13. Re1 O-O 14. b3 Kh8
15. c4 Rg8 16. Qc2 a5 17. a4 Rad8 18. Re3 Qd7 19. g4 Bg6 20. h4 h5 21. g5 dxc4
22. bxc4 Bxd3 23. Qc3 h6 24. Ra3 Bf5 25. Ne4 Bxe4 26. Rxe4 hxg5 27. hxg5 Bh6 28.
Rh4 Kh7 29. Rxh5 Rg6 30. Rxh6+ Rxh6 31. gxh6 Rg8+ 32. Kh2 Qd8 33. Qd2 Qb8 34.
Qf4 f5 35. Qh4 Qb1 36. Ng5+ Kg6 37. Rg3 Qd1 38. Nxe6+ Kf7 39. Qf6+ 1-0

[Event "Challenge"]
[Site "http://www.queenalice.com/game.php?id=1101309"]
[Date "2012.9.9"]
[Round "-"]
[White "sunking1"]
[Black "OiregorChessMaster"]
[Result "0-1"]
[WhiteElo "1587"]
[BlackElo "1680"]

1. Nc3 e5 2. e4 Nc6 3. Nf3 Bc5 4. Bc4 Nf6 5. d3 d6 6. Nd5 Bg4 7. Nxf6+ Qxf6 8.
h3 Bh5 9. Be3 Bxe3 10. fxe3 O-O-O 11. Qd2 Bxf3 12. gxf3 Qxf3 13. Rf1 Qxh3 14.
Qf2 g6 15. O-O-O Kb8 16. b3 Rhf8 17. d4 f5 18. Bd5 Nb4 19. a3 Nxd5 20. exd5 exd4
21. Rxd4 Rde8 22. Rd3 Re4 23. Rd4 Qxe3+ 24. Qxe3 Rxe3 25. Rdd1 g5 26. Rg1 h6 27.
Rd3 Rxd3 28. cxd3 f4 29. Rh1 Rf6 30. b4 f3 31. Kd1 g4 32. Ke1 b6 33. Kf2 Kb7 34.
d4 c6 35. dxc6+ Kxc6 36. Kg3 Rg6 37. a4 Kd5 38. a5 Kxd4 39. axb6 axb6 40. Ra1 d5
41. b5 h5 42. Rd1+ Kc5 43. Rb1 d4 44. Rb3 Kc4 45. Rb2 Kc3 46. Rf2 d3 47. Rh2 d2
48. Rxd2 Kxd2 49. Kf2 h4 0-1

[Event "Challenge"]
[Site "http://www.queenalice.com/game.php?id=1102774"]
[Date "2012.9.14"]
[Round "-"]
[White "sunking1"]
[Black "OiregorChessMaster"]
[Result "0-1"]
[WhiteElo "1587"]
[BlackElo "1619"]

1. Nc3 e5 2. e4 Nf6 3. d4 exd4 4. Qxd4 c5 5. Qd2 Nc6 6. Nf3 b6 7. Bc4 Bb7 8. O-O
a6 9. e5 Ng4 10. h3 Ngxe5 11. Ng5 Nxc4 12. Qe2+ Be7 13. Qxc4 Bxg5 14. Re1+ Be7
15. Bg5 O-O 16. Bxe7 Nxe7 17. Ne4 d5 18. Qd3 dxe4 19. Qe3 f5 20. Rad1 Qc7 21.
Qg3 f4 22. Qg4 Qc6 23. f3 Nd5 24. Rxe4 Ne3 25. Rxf4 Rxf4 26. Re1 Nxg4 27. hxg4
Rxg4 28. fxg4 Qxg2# 0-1

[Event "Challenge"]
[Site "http://www.queenalice.com/game.php?id=1108892"]
[Date "2012.10.3"]
[Round "-"]
[White "OiregorChessMaster"]
[Black "acm_chessmaster"]
[Result "1-0"]
[WhiteElo "1657"]
[BlackElo "1737"]

1. e4 e5 2. Bc4 Bc5 3. d3 d6 4. Nf3 Bg4 5. Bxf7+ Kxf7 6. Ng5+ Ke8 7. Qxg4 Na6 8.
Ne6 Qe7 9. Nxg7+ Kd8 10. Bg5 Qxg5 11. Qxg5+ Kd7 12. Nf5 Kc6 13. Nc3 h6 14. Qg7
Nf6 15. Ne7+ Kb6 16. Qxf6 c6 17. a4 Nb4 18. a5+ Ka6 19. Na4 Nxc2+ 20. Ke2 Nd4+
21. Kf1 Bb4 22. Nc3 Nb3 23. Ra4 Nxa5 24. Rxb4 Rhf8 25. Qxd6 Rf4 26. Qc5 b6 27.
Qxe5 Raf8 28. f3 c5 29. Ra4 R4f7 30. Nc6 Rf6 31. Qc7 R6f7 32. Nb8+ Rxb8 33. Qxb8
Rb7 34. Qc8 h5 35. Kf2 h4 36. Rha1 h3 37. Qe6 Rb8 38. Rxa5+ Kb7 39. Qd7+ Ka8 40.
Qxa7# 1-0

[Event "Challenge"]
[Site "http://www.queenalice.com/game.php?id=1112806"]
[Date "2012.10.15"]
[Round "-"]
[White "OiregorChessMaster"]
[Black "Andrei_78"]
[Result "1-0"]
[WhiteElo "1638"]
[BlackElo "1624"]

1. e4 e5 2. Nf3 Bd6 3. d4 exd4 4. Nxd4 Be5 5. Nf3 d6 6. Bc4 Bf6 7. O-O Ne7 8.
Be3 Bxb2 9. Bd4 Bxa1 10. Bxa1 O-O 11. Qd4 h6 12. Qxg7# 1-0

[Event "Challenge"]
[Site "http://www.queenalice.com/game.php?id=1117139"]
[Date "2012.10.29"]
[Round "-"]
[White "OiregorChessMaster"]
[Black "emanuela"]
[Result "0-1"]
[WhiteElo "1632"]
[BlackElo "1704"]

1. e4 e5 2. Nf3 Nc6 3. Bb5 a6 4. Ba4 Nf6 5. Nc3 Bc5 6. O-O O-O 7. d3 d6 8. h3
Be6 9. Ng5 h6 10. Nxe6 fxe6 0-1